1869 1595 1455 1943 1287 1046 1712 1268 1437 1948 1690 1931 1327 1794 1633 1614 1763 1963 1061 1186 1378 1421 1471 1672 1143 1857 1995 1756 1640 1921 1104 1774 1743 1084 1641 1152 1503 1110 1263 1882 1401 1240 1527 1718 1545 1438 1173 1517 1948 1720 1873 1608 1445 1350 1500 1115 1971 1297 1352 1664 1654 1547 1314 1744 1667 1851 1335 1916 1176 1489 1499 1578 1960 1967 1891 1209 1732 1372 1821 1308 1579 1027 1617 1696 1209 1470 1789 1177 1924 1060 1775 1360 1025 1553 1848 1334 1019 1342 1304 BCNSPRNW ULIB Ver.6.0+V

เปลี่ยนเป็นภาษาไทย

Change to English
 แสดงรายละเอียดบรรณานุกรม
  กลับหน้าหลัก

Brief Record : Get Marc (ISO 2709) : E-mail record : QR code < ปิดหน้าต่าง
LEADER : 00000nam 2200000uu 4500
001    13399125531
003     ULIB
008    170622s||||||||th 000 0 tha d
020    ^a9786161810542
040    ^absi
060 04 ^aQV766^bข261
100 0  ^aขวัญชนก รอดสุด
245 10 ^aประโยชน์มหัศจรรย์ :^bว่านหางจระเข้ /^cขวัญชนก รอดสุด, เรียบเรียง ;พีรพันธุ์ วิจิตรไกรวิน, ถ่ายภาพ
250    ^aพิมพ์ครั้งที่ 1
260    ^aกรุงเทพฯ :^bอมรินทร์สุขภาพ,^c2559
300    ^a72 หน้า :^bภาพประกอบ ;^c21 ซม.
490 1  ^aชุดชีวิตและสุขภาพ ;^vลำดับที่ 196
650  4 ^aว่านหางจระเข้
650  4 ^aสมุนไพร
830  0 ^aการดูแลสุขภาพด้วยว่านหางจระเข้ ;^vลำดับที่ 196.
945    ^p89^l0^i25210
945    ^p89^l0^i25211
995    ^aกัณชพร
999    ^aกัณชพร
รายการนี้ยังไม่มีแท็ก
คุณยังไม่ได้ล็อกอิน คุณสามารถมีกิจกรรมร่วมกับเว็บไซต์ได้ แต่ต้องล็อกอินก่อน ::
  ล็อกอิน

รายการสื่อสารสนเทศ

ลำดับที่ ประเภท เลขเรียก/บาร์โค้ด สถานที่ สถานะ
1. หนังสือสำรอง
หนังสือสำรอง
QV766 ข261 ฉ.1 
  Barcode: 25210
ห้องสมุดวิทยาเขตนครสวรรค์
►หนังสือทั่วไป:l:General Books
บนชั้น
2. วิทยาศาสตร์การแพทย์ และสุขภาพ
วิทยาศาสตร์การแพทย์ และสุขภาพ
QV766 ข261 ฉ.2 
  Barcode: 25211
ห้องสมุดวิทยาเขตนครสวรรค์
►หนังสือทั่วไป:l:General Books
บนชั้น

รายการใกล้เคียง
    หัวเรื่อง [ว่านหางจระเข้]
    หัวเรื่อง [สมุนไพร]

BibComment


ยังไม่เคยถูกคอมเมนท์

คอมเมนท์ทรัพยากรรายการนี้
  คอมเมนท์: ประโยชน์มหัศจรรย..


 Copyright 2026. Bcnsprnw @Library